00852nam a2200253 a 450000100060000000300080000600500170001400800410003103500210007204000350009304100080012808200250013610000400016124500330020126000390023430000300027349000280030350400340033165100190036583000360038494200120042099900170043295201490044964869BD-RJUL20211209081349.0170223s1967 enkbcf b 001 0deng d a(BD-RJUL) 64999 aBD-RJULcBD-RJULdBD-RJULbeng aeng a956.94223bBEI 19671 aBermant, Chaim,d1929-1998.919230510aIsrael /c[by] Chaim Bermant aLondon :bThames & Hudson,c[1967] a224 p. :bILL. ;c21 cm. aNew nations and peoples aIncludes Index &Bibliography. 0aIsrael9192306 0aNew nations and peoples9192307 2ddccBK c64869d64869 00102ddc40718NFICaRUCLbRUCLcReadingd1973-06-11eParamount Book Cor.g35.00l0o956.94 BEI 1967r2017-02-23 00:00:00tC-1w2017-02-23yBK